000 00450nam a2200169 a 4500
005 20260210112054.0
008 250921s1976##################000#0#eng##
020 _a9780486233345
_qpbk
041 _aeng
082 0 4 _a793.85
_bFUL
100 1 _aFulves, Karl,
245 1 0 _aSelf-working Card Tricks :
_cby Karl Fulves
260 _bDover Publications Inc.,
_c1976
_aNew York
300 _a148p.
650 0 _aGames & Activities.
942 _cENGLISH
999 _c588451
_d588451